Davey's companion to surgery in Africa. (Record no. 1334)

MARC details
000 -LEADER
fixed length control field 01097cam a2200361 a 4500
001 - CONTROL NUMBER
control field 1932181
003 - CONTROL NUMBER IDENTIFIER
control field OSt
005 - DATE AND TIME OF LATEST TRANSACTION
control field 20150401181556.0
008 - FIXED-LENGTH DATA ELEMENTS--GENERAL INFORMATION
fixed length control field 860224s1987 stka b 001 0 eng c
010 ## - LIBRARY OF CONGRESS CONTROL NUMBER
LC control number 86004239
020 ## - INTERNATIONAL STANDARD BOOK NUMBER
International Standard Book Number 0443032041
040 ## - CATALOGING SOURCE
Original cataloging agency DNLM/DLC
Transcribing agency DLC
Modifying agency DLC
043 ## - GEOGRAPHIC AREA CODE
Geographic area code f------
050 00 - LIBRARY OF CONGRESS CALL NUMBER
Classification number RD31.5
Item number .D39 1987
060 ## - NATIONAL LIBRARY OF MEDICINE CALL NUMBER
Classification number WC 680 D251c
082 00 - DEWEY DECIMAL CLASSIFICATION NUMBER
Classification number WO 100 A33d 1987
Edition number 19
100 1# - MAIN ENTRY--PERSONAL NAME
Personal name Davey, W. W.
9 (RLIN) 3543
240 10 - UNIFORM TITLE
Uniform title <a href="Companion to surgery in Africa">Companion to surgery in Africa</a>
245 10 - TITLE STATEMENT
Title Davey's companion to surgery in Africa.
250 ## - EDITION STATEMENT
Edition statement 2nd ed. /
Remainder of edition statement edited by Adelola Adeloye.
260 ## - PUBLICATION, DISTRIBUTION, ETC. (IMPRINT)
Place of publication, distribution, etc. Edinburgh ;
-- New York :
Name of publisher, distributor, etc. Churchill Livingstone,
Date of publication, distribution, etc. 1987.
300 ## - PHYSICAL DESCRIPTION
Extent xii, 486 p. :
Other physical details ill. ;
Dimensions 26 cm.
504 ## - BIBLIOGRAPHY, ETC. NOTE
Bibliography, etc Includes bibliographies and index.
650 #0 - SUBJECT ADDED ENTRY--TOPICAL TERM
Topical term or geographic name as entry element Surgery.
9 (RLIN) 323
650 #0 - SUBJECT ADDED ENTRY--TOPICAL TERM
Topical term or geographic name as entry element Tropical medicine.
9 (RLIN) 3544
650 #0 - SUBJECT ADDED ENTRY--TOPICAL TERM
Topical term or geographic name as entry element Surgery
Geographic subdivision Africa.
9 (RLIN) 3545
650 #1 - SUBJECT ADDED ENTRY--TOPICAL TERM
Topical term or geographic name as entry element Surgery.
9 (RLIN) 323
650 #1 - SUBJECT ADDED ENTRY--TOPICAL TERM
Topical term or geographic name as entry element Tropical Medicine.
9 (RLIN) 3546
700 1# - ADDED ENTRY--PERSONAL NAME
Personal name Adeloye, Adelola.
9 (RLIN) 3204
740 0# - ADDED ENTRY--UNCONTROLLED RELATED/ANALYTICAL TITLE
Uncontrolled related/analytical title Companion to surgery in Africa.
906 ## - LOCAL DATA ELEMENT F, LDF (RLIN)
a 7
b cbc
c orignew
d 1
e ocip
f 19
g y-gencatlg
942 ## - ADDED ENTRY ELEMENTS (KOHA)
Source of classification or shelving scheme Other/Generic Classification Scheme
Koha item type Short Loan
Holdings
Withdrawn status Lost status Source of classification or shelving scheme Damaged status Not for loan Home library Current library Date acquired Source of acquisition Coded location qualifier Total Checkouts Full call number Barcode Date last seen Price effective from Koha item type
    Other/Generic Classification Scheme     MUST Main Library MUST Main Library 01/04/2015 Purchase 7015   WO 100 A33d 1987 2015-0779 01/04/2015 01/04/2015 Short Loan